Epistolario Inglés

Salvato in:
Dettagli Bibliografici
Autore principale: Voltaire
Natura: Libro
Lingua:Undetermined
Pubblicazione: Madrid, España Editorial Alba 1998
Soggetti:
Tags: Aggiungi Tag
Nessun Tag, puoi essere il primo ad aggiungerne!!

MARC

LEADER 00000nam a2200000Ia 4500
008 170316s9999 xx 000 0 und d
040 |a cru BVZT 
090 |a 840 V-14e 
100 |a Voltaire 
245 |a Epistolario Inglés 
260 |a Madrid, España 
260 |b Editorial Alba 
260 |c 1998 
300 |a 127páginas 
650 |a LITERATURA FRANCESA 
999 |c 8047  |d 8047 
942 |c 15 D  |h 840 V-14e  |2 z